00000000nam##2200000za#4500
0019.569049
003CaOODSP
00520210624181558
007cr |||||||||||
008150406|1999||||xxc|||||o    f|0| 0 eng|d
040 |aCaOODSP|beng
043 |an-cn---
0861 |aBT31-4/35-1999E-PDF
1101 |aCanada. |bTreasury Board.
24510|aCopyright Board Canada, performance report for the period ending March 31, 1999 |h[electronic resource]
260 |aOttawa - Ontario : |bTreasury Board of Canada Secretariat |cc1999.
300 |a30p.|borganization chart, tables
4901 |aPerformance report for the period ending March 31, 1999 |vFor the period ending March 31, 1999
500 |aThe catalogue number (BT31-4/35-1999) and ISBN (0-660-61047-7) for the bilingual print edition have been incorrectly copied in this electronic publication.
590 |a11-04-Supp|b2011-02-17
77508|tCommission du droit d'auteur Canada, rapport sur le rendement pour la période se terminant le 31 mars 1999 |w(CaOODSP)9.600289
7760#|tCommission du droit d'auteur Canada |w(CaOODSP)9.532471
7760#|tCopyright Board Canada |w(CaOODSP)9.532470
830#0|aPerformance report for the period ending March 31, 1999 ;|vFor the period ending March 31, 1999|w(CaOODSP)9.506261
85640|ahttp://publications.gc.ca|qPDF|s169 KB|uhttps://publications.gc.ca/collections/Collection/BT31-4-35-1999E.pdf|yFor the period ending March 31, 1999